<?xml version="1.0" encoding="UTF-8"?>
<record
    xmlns:xsi="http://www.w3.org/2001/XMLSchema-instance"
    xsi:schemaLocation="http://www.loc.gov/MARC21/slim http://www.loc.gov/standards/marcxml/schema/MARC21slim.xsd"
    xmlns="http://www.loc.gov/MARC21/slim">

  <leader>02863nam a22001937a 4500</leader>
  <controlfield tag="003">IT-RoPau</controlfield>
  <controlfield tag="005">20220918175935.0</controlfield>
  <controlfield tag="008">121115b        xxu||||| |||| 00| 0 eng d</controlfield>
  <datafield tag="040" ind1=" " ind2=" ">
    <subfield code="c">IT-RoPau</subfield>
  </datafield>
  <datafield tag="100" ind1=" " ind2=" ">
    <subfield code="a">Alberione Giacomo</subfield>
    <subfield code="q">Fondatore Famiglia Paolina</subfield>
    <subfield code="9">19</subfield>
  </datafield>
  <datafield tag="245" ind1=" " ind2=" ">
    <subfield code="a">Meditazioni del Primo Maestro alle suore Figlie di San Paolo 1932</subfield>
    <subfield code="b">Alba 1932</subfield>
  </datafield>
  <datafield tag="250" ind1=" " ind2=" ">
    <subfield code="a">1</subfield>
  </datafield>
  <datafield tag="260" ind1=" " ind2=" ">
    <subfield code="a">Alba</subfield>
    <subfield code="b">FSP</subfield>
    <subfield code="c">?1960?</subfield>
  </datafield>
  <datafield tag="300" ind1=" " ind2=" ">
    <subfield code="a">86 p.</subfield>
    <subfield code="c">29,5 cm</subfield>
  </datafield>
  <datafield tag="490" ind1=" " ind2=" ">
    <subfield code="a">I</subfield>
    <subfield code="v">I</subfield>
  </datafield>
  <datafield tag="500" ind1=" " ind2=" ">
    <subfield code="a">Meditazioni fatte dal Primo Maestro alle FSP</subfield>
  </datafield>
  <datafield tag="520" ind1=" " ind2=" ">
    <subfield code="a">Indice
Corrispondenza alla grazia                          pag.       1
Dalla meditazione: s. Giustino Apologista       "         3
Devozione a S. Giuseppe                              "         4
Vespro a S. Giuseppe                                   "         5
In occasione della vestizione                          "        6
Vespro di Pasqua                                          "        7
Cura alla povert&#xE0;                                            "       9
Preparazione al mese di maggio                     "       11 
La vocazione                                                 "      13
La carit&#xE0; di famiglia                                        "      15
Attenzione alle piccole cose                           "      17
Pentecoste                                                    "     19
Onoriamo la SS. Trinit&#xE0;                                   "     21
S. Paolo apostolo                                           "     24
Il Pane Eucaristico                                          "    27
Buone figlie di San Paolo                                 "    28
L' umilt&#xE0; del cuore                                           "    29
Umilt&#xE0;, carit&#xE0;, vita comune                               "    30
La carit&#xE0;                                                         "    32
Esercizio della carit&#xE0; e vita comune                  "    36 
Il Sacro Cuore e il Rosario                                "    39
Le Sacre Scritture                                           "    40
Ora di adorazionesulle sacre scritture               "    44
La Sacra Scrittura e la carit&#xE0;                            "   47
Il peccato                                                       "   50  
La vita interiore che cos' &#xE8;?                              "   59
L' Immacolata                                                 "   61
La Sacra Scrittura                                          "    64
Istruzione sulla grazia                                     "   66 
Ora di adorazione                                           "   74
La sincerit&#xE0;                                                    "   76
I doni da chiedere a Ges&#xF9; Bambino                  "   79
Ora di adorazione                                           "   82
La buona volonta'                                            "   84
    



 
</subfield>
  </datafield>
  <datafield tag="942" ind1=" " ind2=" ">
    <subfield code="2">ddc</subfield>
    <subfield code="c">BK</subfield>
  </datafield>
  <datafield tag="999" ind1=" " ind2=" ">
    <subfield code="c">37518</subfield>
    <subfield code="d">37518</subfield>
  </datafield>
  <datafield tag="952" ind1=" " ind2=" ">
    <subfield code="0">0</subfield>
    <subfield code="1">0</subfield>
    <subfield code="2">ddc</subfield>
    <subfield code="4">0</subfield>
    <subfield code="6">P_A1</subfield>
    <subfield code="7">1</subfield>
    <subfield code="a">PAULUS</subfield>
    <subfield code="b">PAULUS</subfield>
    <subfield code="d">2012-11-15</subfield>
    <subfield code="l">0</subfield>
    <subfield code="o">P A1</subfield>
    <subfield code="r">2012-11-15 00:00:00</subfield>
    <subfield code="w">2012-11-15</subfield>
    <subfield code="y">BK</subfield>
  </datafield>
</record>
